Laddar...
Java Look And Feel Design Guidelines
| Materialtyp: | Printed Book |
|---|---|
| Publicerad: |
Addisson-wesley
1999
|
| LEADER | 00405nam a2200121 4500 | ||
|---|---|---|---|
| 020 | |a 0-201-61585-1 | ||
| 082 | |a 005.72 JAV | ||
| 245 | |a Java Look And Feel Design Guidelines |h [Text] | ||
| 260 | |b Addisson-wesley |c 1999 | ||
| 300 | |a Paper back | ||
| 942 | |c BK | ||
| 999 | |c 82779 |d 82779 | ||
| 952 | |0 0 |1 0 |4 0 |6 005_000000000000000_133J_N9 |7 0 |9 74966 |a SOCS |b SOCS |d 2015-06-11 |g 39.95 |l 0 |o 005.133J N9 |p SOCS2114 |r 2015-06-11 |w 2015-06-11 |y BK | ||